<La> productivité en France de 1970 a 1989: une approche sectorielle.
Odvetvové rozdiely v produktivite v r. 1989. Vývoj odvetvových rozdielov produktivity za 20 rokov. Produktivita práce a kapitálu. Vývoj rastu, hodinovej produktivity práce a zamestnanosti vo veľkých odvetviach v r. 1971-1989. (Economie et statistique 1990, č.237-238.).
Saved in:
| Main Author: | |
|---|---|
| Format: | Book Chapter |
| Language: | French |
| Subjects: | |
| Tags: |
No Tags, Be the first to tag this record!
|
MARC
| LEADER | 00000naa a2200000 4500 | ||
|---|---|---|---|
| 001 | r004408 | ||
| 005 | 20221125091650.2 | ||
| 041 | 0 | |a fre | |
| 044 | |a FR | ||
| 245 | 1 | 0 | |a <La> productivité en France de 1970 a 1989: une approche sectorielle. |c S. Mabile |
| 520 | |a Odvetvové rozdiely v produktivite v r. 1989. Vývoj odvetvových rozdielov produktivity za 20 rokov. Produktivita práce a kapitálu. Vývoj rastu, hodinovej produktivity práce a zamestnanosti vo veľkých odvetviach v r. 1971-1989. (Economie et statistique 1990, č.237-238.). | ||
| 610 | 2 | 0 | |a produktivita práce |
| 610 | 2 | 0 | |a Francúzsko |
| 610 | 2 | 0 | |a 1970-1989 |
| 610 | 2 | 0 | |a zamestnanosť |
| 610 | 2 | 0 | |a odvetvia činnosti ekonomickej |
| 100 | 1 | |a Mabile, S. | |